000 00383nam a2200157Ia 4500
008 230718s9999 xx 000 0 und d
041 _aeng
082 _a519.502
_bSHA
100 _aSharma J.K.
_9108162
245 _aBusiness Statistics
250 _a2nd ed.
260 _bPea
365 _cRs.
_b325.00
700 _aSharma J.K.
_9108162
906 _dB:362513-Feb-2007
_cOTH
_b65
999 _c316167
_d316167